000 01050nam a2200265Ia 4500
003 OSt
005 20221005110149.0
006 a|||||r|||| 00| 0
007 ta
008 221004b |||||||| |||| 00| 0 hin d
020 _a8126012161 (hbk)
_c625
024 _a92293
037 _b543, 19/03/2009, Vani Prakashan
_cTextual
040 _aCRL
_cCRL
_bhin
041 _2hin
_ahin
082 _aO157,1M61x, 152K7
100 _aद्विवेदी, हजारी प्रसाद, संपा.
_9160958
245 0 _aरवीन्द्रनाथ की कविताएॅं
246 _aRavīndranāth kī kavitāeॅan
260 _aनई दिल्ली
_bसाहित्य अकादेमी भारत
_c1967
300 _a304पृ0
_ccm.
650 _aबंगाली साहित्य
942 _hO157,1M61x, 152K7
_cTEXL
_2cc
999 _c1017995
_d1017995